00862cam a2200265 a 4500001000500000005001700005020001500022040002300037050001300060100002200073245009200095250002300187260003800210300004700248490003500295500003200330505000800362520008700370521002000457521002000477650001900497650001900516650002600535700003500561294820240126104653.0 a0803728875 aDLCcDLCdDLCbeng00aPZ7.V2751 aLeeuwen, Jean Van10aAmanda Pig and the really hot day /cby Jean Van Leeuwen ; pictures by Ann Schweninger. aPublished in 2011  aNew York :bPenguin Group ;c2005 a48 pages :bcolor illustrations ; c24 cm. a Oliver and Amanda PigvBook 3 a"Level 2"--P. [4] of cover. aJ  aAmanda Pig and her family and friends try to find different ways to beat the heat.0 a480 bLexile 0 aJ bRaz-Plus  1aPigsvFiction. 1aHeatvFiction. 1aFamily lifevFiction.1 aSchweninger, Anneillustrator